| 000 | 00959nam a22002657a 4500 | ||
|---|---|---|---|
| 005 | 2012112605585.0 | ||
| 008 | 121126t xxu||||| |||| 00| 0 eng d | ||
| 010 | _aENG-106223 | ||
| 020 |
_a9781259005039 _c299.00 |
||
| 020 |
_a1259005038 _c299.00 |
||
| 035 | _aEN-89756 | ||
| 037 | _bDBAD/PUB | ||
| 040 |
_aDpl _bEng |
||
| 082 | _a658.0072 | ||
| 100 | 1 |
_aGupta, S.L. _953829 |
|
| 245 | 1 | 0 |
_aBusiness research methods / _cby S.L. Gupta [and] Hitesh Gupta |
| 260 |
_aNew Delhi _bTata McGraw-Hill _c2012 |
||
| 270 |
_a7 West Patel Nagar _bNew Delhi _e110008 |
||
| 300 |
_axix,440p. _c24cm(pbk) |
||
| 500 | _aIncludes index. | ||
| 700 |
_aGupta, Hitesh _953955 |
||
| 942 |
_2ddc _cEN _h658.0072 _mGUP |
||
| 999 |
_c71654 _d71654 |
||